| 000 | 00650cam a22002414a 4500 | ||
|---|---|---|---|
| 003 | UPN | ||
| 005 | 20240320063708.0 | ||
| 008 | 090210s1994 es r 000 f spa d | ||
| 020 | _a8426128041 | ||
| 035 | _aUPN01000169067 | ||
| 040 |
_aUPN _bspa _cUPN |
||
| 049 | _aCG | ||
| 050 | 4 |
_aPS3513 R4.9 _bN4.8 |
|
| 100 | 1 |
_aGrey, Zane, _d1872-1939 _944406 |
|
| 245 | 1 | 0 |
_aNevada / _cZane Grey ; tr. José Fernández. |
| 260 |
_aBarcelona, Esp. : _bJuventud, _c1994. |
||
| 300 | _a384 p. | ||
| 490 | 0 |
_aUniversal ; _v7 |
|
| 650 | 4 |
_aNovela estadounidense _94462 |
|
| 650 | 4 |
_aVIDA DE PIONEROS - _vNOVELA _96840 |
|
| 905 | _aLibro | ||
| 942 |
_2lcc _cLIBRO |
||
| 999 |
_c141173 _d141173 |
||